000 00295nam a22001337a 4500
008 181015b xxu||||| |||| 00| 0 eng d
020 _a9780071398732
041 _aeng
080 _a330
100 _a52
101 _aECO
245 _aPrinciples Of Economics
_cCrash.c
942 _2udc
_cBK
999 _c49765
_d49765